Music Quiz

Random Music or Album Quiz

Oak Lonetree solo albums Quiz Stats

 Plays Quiz not verified by Sporcle

Challenge
Share
Tweet
Embed
Score 0/18 Timer 05:00
0 Plays Today
Year Album Name % Correct
2003Sound Hungry
100%
2007 Let Me Pet That Kitty
100%
2007The One
100%
2008 Lava
100%
2009Klondike Bars
100%
2010I Must Be Dreaming
100%
2011 Movies
100%
2011The Only
100%
2008Stuff In The Bassment
88.9%
2013Dutch Burner
0%

You're not logged in!

Compare scores with friends on all Sporcle quizzes.
Join for Free
OR
Log In

You Might Also Like...

Show Comments

Extras

Top Quizzes Today


Score Distribution

Your Account Isn't Verified!

In order to create a playlist on Sporcle, you need to verify the email address you used during registration. Go to your Sporcle Settings to finish the process.

Report this User

Report this user for behavior that violates our Community Guidelines.

Details: